000 01729nam0a2200373 4500
001 RU\NLR\bibl\947368
005 20250614200303.0
010 _a5-9704-0168-4
_93000
021 _aRU
_b2006-23484
_91167
035 _a(NLR Aleph) 000935499
090 _a186750
_c186750
100 _a20060512d2006 |||y0rusy50 ca
101 0 _arus
102 _aRU
105 _aa |||||||||
200 1 _aЭкстремальная токсикология
_eпрактическое руководство
_e[для врачей]
_fИ.С. Бадюгин
_gпод ред. акад. Е.А. Лужникова
210 _aМосква
_cГэотар-Медиа
_d2006
215 _a415 с.
_cил.
_d22
300 _aНа обороте тит. л. и ввып. дан. авт.: Бадюгин И.С. к.м.н., доц., Каратай Ш.С. д.м.н., проф., Консантинова Т.К. к.м.н.
320 _aБиблиогр.: с. 397-404
320 _aПредм. указ.: с. 405-415
606 1 _aМедицина катастроф
_91143267
_3RU\NLR\auth\66136898
606 1 _aВоенная токсикология
_91298524
_3RU\NLR\auth\66220111
606 1 _aТоксикология
_jРуководства, пособия и т.п.
_9912263
_3RU\NLR\auth\6613700
606 1 _aХимические заводы
_jРуководства, пособия и т.п.
_xАварии
_xМедицинская помощь населению
_92106447
_3RU\NLR\auth\661273415
686 _aЦ7,6(2Р)6
686 _aР284.4я77
686 _aР11(2)23я77
700 1 _aБадюгин
_bИ. С.
_4070
801 0 _aRU
_bNLR
_c20060512
_grcr
801 1 _aRU
_bNLR
_c20060512
942 _cBOOK
980 _aNB